[Event "Reykjavik Open"]
[Site "Reykjavik ISL"]
[Date "2012.03.11"]
[Round "7.42"]
[White "Sigurjonsson, Stefan Th."]
[Black "Mertens, Heiko"]
[Result "0-1"]
[WhiteElo "2117"]
[BlackElo "2336"]
[WhiteFideId "2301008"]
[BlackFideId "24601616"]
[EventDate "2012.03.06"]

1. e4 c5 2. d4 cxd4 3. c3 d3 4. Bxd3 Nc6 5. f4 d5 6. e5 Nh6 7. Nf3 Bg4 8. Be3 e6
9. O-O Bf5 10. Kh1 Bxd3 11. Qxd3 Nf5 12. Nbd2 h5 13. Nb3 g6 14. Rad1 a6 15. Rfe1
Qc7 16. Nbd4 Na5 17. Ng5 Qd7 18. Nxf5 gxf5 19. b3 Qc7 20. h4 Be7 21. Qd4 b5 22.
Nf3 Rc8 23. Rc1 Rg8 24. Kh2 Kf8 25. Kh3 Kg7 26. Qd1 Kh6 27. g3 Nb7 28. Qe2 Nc5
29. Bd4 Qb7 30. Ng5 Rgf8 31. c4 dxc4 32. bxc4 b4 33. Rb1 a5 34. a3 Kg6 35. axb4
axb4 36. Qd2 Rb8 37. Bxc5 Bxc5 38. Rb3 Rbd8 39. Qe2 Rd4 40. Nf3 Re4 41. Qf1 Rxe1
42. Qxe1 Rd8 43. Qe2 Qd7 44. Ne1 Qd2 45. Rb2 Qxe2 46. Rxe2 Rd4 47. Rc2 Rd1 48.
Nf3 Rd3 49. Kg2 Kg7 50. Rb2 Rc3 51. Nd2 Kf8 52. Nb3 Be7 53. c5 Ke8 54. Na1 Bxc5
55. Nc2 Rc4 56. Kf3 Kd7 57. Ke2 Kc6 58. Kd2 Kd5 59. Rb3 Ke4 60. Ne1 Bd4 61. Nf3
Bc3+ 62. Ke2 Kd5 63. Kd3 Rc7 64. Rb1 Kc5 65. Kc2 Ra7 66. Rd1 Kc4 67. Nd2+ Bxd2
68. Kxd2 Rd7+ 69. Kc2 Rxd1 70. Kxd1 Kb3 0-1

[Event "Reykjavik Open"]
[Site "Reykjavik ISL"]
[Date "2012.03.11"]
[Round "7.43"]
[White "Vaarala, Eric"]
[Black "Thorell, Viktor"]
[Result "1-0"]
[WhiteElo "2241"]
[BlackElo "2034"]
[WhiteFideId "1711962"]
[BlackFideId "1715488"]
[EventDate "2012.03.06"]

1. b3 d5 2. Bb2 Nf6 3. f4 c5 4. Nf3 Nc6 5. e3 Bg4 6. Be2 e6 7. d3 Bd6 8. Nbd2
Qc7 9. O-O Bxf3 10. Bxf3 d4 11. Bxc6+ bxc6 12. Nc4 dxe3 13. Be5 Rd8 14. Nxd6+
Rxd6 15. Qf3 Nd5 16. c4 Nb4 17. Qxe3 Rxd3 18. Qxd3 Qxe5 19. Qf3 Qd4+ 20. Kh1 O-O
21. a3 Nd3 22. Rad1 Rd8 23. Rd2 Rd6 24. h3 h6 25. Qd1 Qe4 26. Qf3 Qd4 27. Rfd1
Nf2+ 28. Kh2 Qxd2 29. Rxd2 Rxd2 30. Qxc6 Rd1 31. Qf3 Rd2 32. b4 Nd3 33. Qe3 Rd1
34. Qe2 1-0

[Event "Reykjavik Open"]
[Site "Reykjavik ISL"]
[Date "2012.03.11"]
[Round "7.44"]
[White "Eriksen, Magnus"]
[Black "Einarsson, Halldor Gretar"]
[Result "1/2-1/2"]
[BlackTitle "FM"]
[WhiteElo "2108"]
[BlackElo "2239"]
[WhiteFideId "1509764"]
[BlackFideId "2300150"]
[EventDate "2012.03.06"]

1. e4 c5 2. Nf3 Nc6 3. d4 cxd4 4. Nxd4 Nf6 5. Nc3 e5 6. Ndb5 d6 7. Bg5 a6 8. Na3
b5 9. Nd5 Be7 10. Bxf6 Bxf6 11. c4 b4 12. Nc2 O-O 13. g3 a5 14. Bg2 Be6 15. O-O
Rc8 16. Qd3 Bxd5 17. cxd5 Nb8 18. Ne3 Nd7 19. Nc4 Nc5 20. Qe2 a4 21. Rac1 g6 22.
Bh3 Rb8 23. Qe3 Rb5 24. Bg2 Bg5 25. f4 Bh6 26. Qe2 Rb7 27. Rce1 exf4 28. gxf4
Qh4 29. Qf3 Re7 30. Nxd6 Rd8 31. Rc1 Nd3 32. Rc8 Rxc8 33. Nxc8 Rc7 34. Qxd3 Bxf4
35. Qh3 Qg5 36. d6 Rc1 37. Ne7+ Kg7 38. Rxc1 Bxc1 39. Nd5 Bxb2 40. Qe3 Qxe3+ 41.
Nxe3 Bd4 42. Kf2 b3 43. axb3 a3 44. d7 a2 45. d8=Q a1=Q 46. Qg5 Qb2+ 47. Kf3
Qxb3 48. e5 Qc3 49. Ke2 Qb2+ 50. Kf1 Qc1+ 51. Kf2 Qd2+ 52. Kf3 Qc3 53. h4 Bxe5
54. Qg4 1/2-1/2

[Event "Reykjavik Open"]
[Site "Reykjavik ISL"]
[Date "2012.03.11"]
[Round "7.45"]
[White "Gikas, Andreas Basilius"]
[Black "Murray, Mike"]
[Result "0-1"]
[WhiteElo "2219"]
[BlackElo "2007"]
[WhiteFideId "4623509"]
[BlackFideId "2609126"]
[EventDate "2012.03.06"]

1. e4 Nc6 2. Nc3 e6 3. d4 d5 4. Nf3 Nf6 5. e5 Ne4 6. Ne2 Be7 7. Ng3 O-O 8. Bd3
f5 9. c3 Bd7 10. Ne2 g5 11. Nfg1 g4 12. Nf4 Ng5 13. Nge2 Nf7 14. h3 Nfxe5 15.
dxe5 Nxe5 16. Bc2 c6 17. Nd3 Ng6 18. Nef4 g3 19. fxg3 Bd6 20. O-O e5 21. Nxg6
hxg6 22. Kh1 Kg7 23. Qe2 Qc7 24. b3 c5 25. Bb2 Rae8 26. Rad1 Bc6 27. b4 b6 28.
bxc5 bxc5 29. Nf2 Rh8 30. Qd2 Be7 31. Bb3 c4 32. Bc2 Qb7 33. Bb1 d4 34. cxd4
Bxg2+ 35. Kh2 Bxh3 36. Nxh3 Rxh3+ 37. Kg1 Rh1+ 38. Kf2 Rh2+ 39. Ke1 Rxd2 40.
Rxd2 Bb4 0-1

[Event "Reykjavik Open"]
[Site "Reykjavik ISL"]
[Date "2012.03.11"]
[Round "7.47"]
[White "Bjornsson, Eirikur K."]
[Black "Dave, Dhyani"]
[Result "1-0"]
[BlackTitle "WFM"]
[WhiteElo "2000"]
[BlackElo "2205"]
[WhiteFideId "2301563"]
[BlackFideId "5019834"]
[EventDate "2012.03.06"]

1. d4 f5 2. c4 Nf6 3. Nc3 g6 4. h4 Bg7 5. h5 d6 6. hxg6 hxg6 7. Rxh8+ Bxh8 8.
Bg5 Nbd7 9. Nf3 Nf8 10. Qc2 c6 11. O-O-O Qc7 12. e4 fxe4 13. Nxe4 Bf5 14. Bd3
O-O-O 15. Nxf6 Bxd3 16. Qxd3 exf6 17. Bf4 Qf7 18. d5 c5 19. Re1 g5 20. Bg3 Qd7
21. Re3 Bg7 22. Qa3 a6 23. b4 b5 24. Rd3 cxb4 25. Qxb4 f5 26. c5 Qc7 1-0

[Event "Reykjavik Open"]
[Site "Reykjavik ISL"]
[Date "2012.03.11"]
[Round "7.48"]
[White "Palsson, Halldor"]
[Black "Loftsson, Hrafn"]
[Result "1/2-1/2"]
[WhiteElo "2000"]
[BlackElo "2202"]
[WhiteFideId "2301202"]
[BlackFideId "2300729"]
[EventDate "2012.03.06"]

1. d4 d5 2. Nf3 Nf6 3. Bf4 g6 4. e3 Bg7 5. h3 O-O 6. c4 c5 7. Be5 Nc6 8. Nc3
cxd4 9. exd4 e6 10. cxd5 Nxe5 11. dxe5 Nxd5 12. Nxd5 exd5 13. Qd2 Re8 14. Bb5
Re7 15. O-O Bxe5 16. Nxe5 Rxe5 17. Rfd1 Be6 18. Bf1 Qb6 19. Rac1 Rd8 20. Qd4
Qxd4 21. Rxd4 Re4 22. Rd2 Rb4 23. a3 Rb3 24. Kh2 Kg7 25. Bc4 Rb6 26. Bd3 Kf6 27.
Kg1 Rc8 28. Re1 Rbc6 29. Kf1 Rc1 30. Red1 h6 31. Ke2 g5 32. Bb1 Rxd1 33. Rxd1
Ke5 34. Kd2 Rc4 35. Re1+ Kd6 36. Bd3 Rf4 37. f3 Bd7 38. Bf1 Bc6 39. b4 Bd7 40.
Bd3 Bc6 41. Be2 Rf6 42. Bd3 Re6 43. Rc1 Rf6 44. Be2 h5 45. Ke3 h4 46. Rd1 Rf5
47. Rc1 a5 48. Rb1 axb4 49. axb4 Ke5 50. Bd3 Rf6 51. Rc1 Kd6 52. Kd4 Rf4+ 53.
Kc3 Rf6 54. Kd4 Bd7 55. Rc2 Rh6 56. Rc5 Be6 57. Rb5 Kc6 58. Rc5+ Kd6 59. Rb5 1/2-1/2

[Event "Reykjavik Open"]
[Site "Reykjavik ISL"]
[Date "2012.03.11"]
[Round "7.49"]
[White "Bjornsson, Bjorn Freyr"]
[Black "Johannsson, Orn Leo"]
[Result "1-0"]
[WhiteElo "2183"]
[BlackElo "1939"]
[WhiteFideId "2300834"]
[BlackFideId "2303051"]
[EventDate "2012.03.06"]

1. e4 e6 2. d3 d5 3. Nd2 Nf6 4. Ngf3 Be7 5. g3 dxe4 6. dxe4 b6 7. Bg2 Bb7 8. O-O
O-O 9. e5 Nfd7 10. Re1 c5 11. Ne4 Nc6 12. Bf4 Re8 13. Qe2 Qc7 14. Rad1 Rad8 15.
h4 Nf8 16. h5 Rxd1 17. Rxd1 Rd8 18. c3 Rxd1+ 19. Qxd1 Qd7 20. Qe2 Na5 21. Nfd2
Qa4 22. a3 Qd7 23. Qg4 Kh8 24. h6 g6 25. Bg5 Bxe4 26. Bxe4 Qd8 27. Bxe7 Qxe7 28.
b4 f5 29. exf6 Qxf6 30. Qf3 1-0

[Event "Reykjavik Open"]
[Site "Reykjavik ISL"]
[Date "2012.03.11"]
[Round "7.50"]
[White "Johansen, Stian"]
[Black "Halldorsson, Bragi"]
[Result "1-0"]
[WhiteElo "1961"]
[BlackElo "2178"]
[WhiteFideId "1508121"]
[BlackFideId "2300907"]
[EventDate "2012.03.06"]

1. d4 c6 2. c4 d5 3. Nf3 Nf6 4. Nc3 dxc4 5. a4 Bf5 6. e3 Na6 7. Bxc4 Nb4 8. O-O
e6 9. Qe2 Nbd5 10. Nh4 Bg6 11. Nxg6 hxg6 12. e4 Qc7 13. f4 Nb4 14. Be3 O-O-O 15.
a5 Kb8 16. a6 b6 17. Rfd1 Ka8 18. Qf3 Rh5 19. g4 Ra5 20. g5 Nh5 21. d5 Bc5 22.
dxc6 Nxc6 23. Rxd8+ Nxd8 24. e5+ Qc6 25. Rd1 Ra1 26. Qxc6+ Nxc6 27. Rxa1 Bxe3+
28. Kg2 Bxf4 29. Rd1 Kb8 30. Rd7 Nxe5 31. Rb7+ Kc8 32. Be2 Bxg5 33. Bxh5 gxh5
34. Rxa7 Nc6 35. Ra8+ Kd7 36. a7 Bc1 37. Rd8+ Nxd8 38. Nd1 Bf4 39. a8=Q g5 40.
Nc3 Be5 41. Qa7+ Kc6 42. Qa4+ Kd6 43. Ne4+ Kd5 44. Nxg5 1-0

[Event "Reykjavik Open"]
[Site "Reykjavik ISL"]
[Date "2012.03.11"]
[Round "7.51"]
[White "Sigurjonsson, Siguringi"]
[Black "Ornolfsson, Magnus P"]
[Result "0-1"]
[WhiteElo "1944"]
[BlackElo "2175"]
[WhiteFideId "2300397"]
[BlackFideId "2301016"]
[EventDate "2012.03.06"]

1. g3 Nf6 2. Bg2 d5 3. Nf3 e6 4. d3 c6 5. O-O Bd6 6. Nc3 O-O 7. e4 dxe4 8. dxe4
e5 9. h3 b6 10. Nh4 Qc7 11. Bg5 Be7 12. Nf5 Bxf5 13. exf5 Nbd7 14. Qf3 Rac8 15.
Rad1 Rfe8 16. h4 h6 17. Be3 Bc5 18. Rfe1 Bxe3 19. Rxe3 b5 20. a3 a5 21. g4 h5
22. gxh5 Nb6 23. Ne4 Nbd5 24. Nxf6+ gxf6 25. Re4 Nf4 26. c4 Kh7 27. Kh2 Rg8 28.
Bf1 Rcd8 29. cxb5 Rxd1 30. Qxd1 cxb5 31. Qb3 Qc5 32. Re3 Nd5 33. Rf3 e4 34. Rg3
Qxf2+ 35. Bg2 Qf4 36. Kh3 Qxf5+ 37. Kh2 Qe5 38. Bxe4+ Qxe4 39. Rxg8 Kxg8 40.
Qg3+ Kh7 0-1

[Event "Reykjavik Open"]
[Site "Reykjavik ISL"]
[Date "2012.03.11"]
[Round "7.52"]
[White "Van Heirzeele, Daniel"]
[Black "Karlsson, Mikael Johann"]
[Result "1-0"]
[WhiteElo "2161"]
[BlackElo "1884"]
[WhiteFideId "200425"]
[BlackFideId "2305194"]
[EventDate "2012.03.06"]

1. d4 Nf6 2. c4 e6 3. g3 d5 4. Nf3 b6 5. Bg2 Bb7 6. Ne5 Nbd7 7. Nc3 Bb4 8. Qa4
Bxc3+ 9. bxc3 c5 10. O-O O-O 11. Rd1 Qc8 12. cxd5 Nxe5 13. dxe5 Nxd5 14. Qg4 Qc7
15. Bxd5 Bxd5 16. c4 Bb7 17. Bf4 Rad8 18. Rd6 Kh8 19. Rad1 Qc6 20. f3 Rxd6 21.
Rxd6 Qa4 22. Qh4 Qe8 23. Bg5 Qc8 24. Qf4 Qc7 25. Rxe6 b5 26. Re7 Qc8 27. e6 f6
28. Bh6 1-0

[Event "Reykjavik Open"]
[Site "Reykjavik ISL"]
[Date "2012.03.11"]
[Round "7.54"]
[White "Thorsteinsson, Erlingur"]
[Black "Hansen, Erle Andrea Marki"]
[Result "0-1"]
[WhiteElo "2129"]
[BlackElo "1793"]
[WhiteFideId "2301091"]
[BlackFideId "1508229"]
[EventDate "2012.03.06"]

1. d4 Nf6 2. Nc3 d5 3. Bg5 Nbd7 4. e3 g6 5. h4 h6 6. Bf4 c6 7. f3 Bg7 8. g4 h5
9. Bg2 hxg4 10. fxg4 Nb6 11. Bf3 Be6 12. h5 gxh5 13. gxh5 Bh6 14. Nge2 Nc4 15.
b3 Nxe3 16. Qd2 Nf5 17. O-O-O Rc8 18. Kb2 b5 19. Bxh6 Nxh6 20. Nf4 Bf5 21. Qe2
Qd6 22. Nd3 Nd7 23. Rde1 e6 24. Rhf1 a5 25. Nc5 Nxc5 26. dxc5 Qxc5 27. Qe5 Ke7
28. Ne4 Bxe4 29. Bxe4 a4 30. Rd1 axb3 31. cxb3 Ra8 32. Bb1 Qa3+ 33. Kc2 Raf8 34.
Kd2 Qb4+ 35. Kc1 Qa3+ 36. Kd2 c5 37. Rf6 c4 38. Qf4 Qb2+ 39. Ke1 Rhg8 40. Bg6
Qc3+ 41. Kf1 0-1

[Event "Reykjavik Open"]
[Site "Reykjavik ISL"]
[Date "2012.03.11"]
[Round "7.56"]
[White "Huizer, Mark"]
[Black "Kjartansson, Dagur"]
[Result "1-0"]
[WhiteTitle "CM"]
[WhiteElo "2122"]
[BlackElo "1528"]
[WhiteFideId "1005839"]
[BlackFideId "2303299"]
[EventDate "2012.03.06"]

1. d4 e6 2. Nf3 Nf6 3. e3 b6 4. Bd3 Bb7 5. Nbd2 d5 6. O-O Be7 7. Qe2 O-O 8. Ne5
Nbd7 9. f4 c5 10. c3 c4 11. Bc2 b5 12. Rf3 Ne4 13. Nxe4 dxe4 14. Rh3 f5 15. b3
Nxe5 16. fxe5 Bd5 17. Qh5 h6 18. Qg6 Bg5 19. Ba3 Rf7 20. Bd6 Rc8 21. b4 Rc6 22.
Bd1 Rxd6 23. exd6 Qxd6 24. a4 f4 25. Bh5 Rf6 26. Qe8+ Rf8 27. Qg6 fxe3 1-0

[Event "Reykjavik Open"]
[Site "Reykjavik ISL"]
[Date "2012.03.11"]
[Round "7.57"]
[White "Hardarson, Jon Trausti"]
[Black "Skoien, Havard"]
[Result "1/2-1/2"]
[WhiteElo "1688"]
[BlackElo "2121"]
[WhiteFideId "2302594"]
[BlackFideId "1503278"]
[EventDate "2012.03.06"]

1. e4 e6 2. d4 d5 3. Nc3 Bb4 4. e5 Qd7 5. a3 Bf8 6. f4 Ne7 7. Nf3 b6 8. Bd3 Ba6
9. Bxa6 Nxa6 10. Qd3 Nb8 11. Be3 Nf5 12. Bf2 h5 13. O-O-O c5 14. Nh4 c4 15. Qe2
Ne7 16. h3 g6 17. g4 b5 18. f5 a5 19. fxg6 fxg6 20. Be3 b4 21. Nb1 Nbc6 22. Rdf1
O-O-O 23. Rf7 Qe8 24. Qf2 hxg4 25. Qf6 Nf5 26. Nxg6 Bh6 27. Nxh8 Bxe3+ 28. Kd1
g3 29. Ng6 g2 30. Re1 g1=Q 31. Rxg1 Bxg1 1/2-1/2

[Event "Reykjavik Open"]
[Site "Reykjavik ISL"]
[Date "2012.03.11"]
[Round "7.59"]
[White "Vrban, Damir"]
[Black "Guisset, Philippe"]
[Result "1/2-1/2"]
[WhiteElo "2152"]
[BlackElo "1926"]
[WhiteFideId "14508630"]
[BlackFideId "206628"]
[EventDate "2012.03.06"]

1. f4 g6 2. Nf3 c5 3. g3 Bg7 4. Bg2 Nc6 5. O-O d6 6. d3 e6 7. c3 Nge7 8. a4 O-O
9. Na3 Rb8 10. Qc2 a6 11. Kh1 b5 12. axb5 axb5 13. Be3 b4 14. Nc4 Nd5 15. Bd2
Nb6 16. Ne3 Bb7 17. Ng4 h5 18. Nf2 bxc3 19. bxc3 Qf6 20. Rab1 Ba8 21. Ne4 Nd7
22. Neg5 Rfd8 23. Qa2 1/2-1/2

[Event "Reykjavik Open"]
[Site "Reykjavik ISL"]
[Date "2012.03.11"]
[Round "7.60"]
[White "Andersson, Christin"]
[Black "Knudsen, Jes West"]
[Result "1/2-1/2"]
[WhiteTitle "WIM"]
[WhiteElo "2102"]
[BlackElo "1913"]
[WhiteFideId "1702947"]
[BlackFideId "1405985"]
[EventDate "2012.03.06"]

1. e4 Nf6 2. e5 Nd5 3. Nc3 e6 4. Nxd5 exd5 5. d4 d6 6. Bf4 dxe5 7. dxe5 Nc6 8.
Nf3 Bg4 9. Bb5 Bc5 10. Qd3 O-O 11. Bxc6 bxc6 12. Bd2 Rb8 13. O-O-O Qe7 14. Bc3
Bb4 15. h3 Bxc3 16. Qxc3 Bxf3 17. Qxf3 Qb4 18. b3 Rb6 19. a4 d4 20. Qd3 c5 21.
Rhe1 Rfb8 22. f4 Qa3+ 23. Kd2 Rxb3 24. cxb3 Rxb3 25. Qxb3 Qxb3 26. e6 Qa2+ 27.
Kd3 Qb3+ 28. Kd2 Qa2+ 1/2-1/2

[Event "Reykjavik Open"]
[Site "Reykjavik ISL"]
[Date "2012.03.11"]
[Round "7.61"]
[White "Ragnarsson, Johann"]
[Black "Fivelstad, Jon Olav"]
[Result "1-0"]
[WhiteElo "2082"]
[BlackElo "1879"]
[WhiteFideId "2301040"]
[BlackFideId "1510339"]
[EventDate "2012.03.06"]

1. d4 Nf6 2. c4 c5 3. d5 e6 4. Nc3 exd5 5. cxd5 d6 6. e4 g6 7. f3 Bg7 8. Bg5 O-O
9. Qd2 Re8 10. Nge2 Nbd7 11. Ng3 h5 12. Be2 a6 13. a4 b6 14. O-O Nf8 15. h3 N8h7
16. Bh4 Nxe4 17. Ngxe4 Qxh4 18. Nxd6 Bd4+ 19. Kh1 Bxh3 20. Qe1 Qxe1 21. Rfxe1
Red8 22. Nc4 Bf5 23. Nxb6 Ra7 24. a5 Nf6 25. Bc4 Nd7 26. Nxd7 Rdxd7 27. Re8+ Kh7
28. Rb8 Rdb7 29. Rxb7 Rxb7 30. Na4 Ra7 31. Re1 Kg7 32. d6 Kf8 33. Re2 Be6 34.
Bxe6 fxe6 35. Rxe6 Kf7 36. Re4 Rd7 37. b4 Rxd6 38. bxc5 Rd8 39. c6 Bf2 40. g4
Bg3 41. gxh5 gxh5 42. Nb6 Bc7 43. Kg2 Rd2+ 44. Kf1 Rd6 45. Rc4 Rd8 46. Rc5 Kg6
47. Nd5 Bd6 48. c7 1-0

[Event "Reykjavik Open"]
[Site "Reykjavik ISL"]
[Date "2012.03.11"]
[Round "7.62"]
[White "Doell, Detlef"]
[Black "Ingason, Sigurdur"]
[Result "1/2-1/2"]
[WhiteElo "2067"]
[BlackElo "1878"]
[WhiteFideId "4659449"]
[BlackFideId "2301709"]
[EventDate "2012.03.06"]

1. e4 e5 2. d4 exd4 3. c3 Qe7 4. cxd4 Qxe4+ 5. Be3 d5 6. Nf3 Bf5 7. Nc3 Bb4 8.
Qa4+ Nc6 9. Bb5 Bxc3+ 10. bxc3 Bd7 11. O-O Nge7 12. Rfe1 Qg6 13. Bxc6 Bxc6 14.
Qb4 Qd6 15. Bf4 Qxb4 16. cxb4 Rc8 17. Re3 Kd8 18. Ng5 Be8 19. Be5 Nf5 20. Rf3
Nh4 21. Rxf7 Bxf7 22. Nxf7+ Ke7 23. Nxh8 Rxh8 24. Bxc7 Rc8 25. Rc1 Nf5 26. Rc5
Nxd4 27. Bd6+ Kd7 28. Rxc8 Kxc8 29. Be5 Ne6 30. f4 g6 31. g4 Kd7 32. Kf2 Nd8 1/2-1/2

[Event "Reykjavik Open"]
[Site "Reykjavik ISL"]
[Date "2012.03.11"]
[Round "7.64"]
[White "De Winter, Eric"]
[Black "Edvardsen, Ragnar"]
[Result "0-1"]
[WhiteElo "1852"]
[BlackElo "2045"]
[WhiteFideId "1033069"]
[BlackFideId "1502719"]
[EventDate "2012.03.06"]

1. c4 e5 2. Nc3 Nf6 3. g3 d5 4. cxd5 Nxd5 5. Bg2 Nb6 6. d3 Be7 7. Nf3 Nc6 8. O-O
O-O 9. a3 Be6 10. Rb1 f5 11. b4 Bf6 12. Qc2 Qe7 13. e3 Rad8 14. Rd1 Qf7 15. Ne1
Nd5 16. Na4 Nce7 17. Nc5 Bc8 18. Bb2 c6 19. Nf3 Ng6 20. Ba1 b6 21. Na4 Ba6 22.
Rbc1 e4 23. dxe4 fxe4 24. Ne1 Bxa1 25. Rxa1 Ne5 26. h3 Nd3 27. Nxd3 Bxd3 28. Qa2
Bb5 29. Bxe4 Bxa4 30. Bxd5 Rxd5 31. Rd2 Rxd2 32. Qxd2 Qd5 33. Qc3 c5 34. Rb1 Bc6 0-1

[Event "Reykjavik Open"]
[Site "Reykjavik ISL"]
[Date "2012.03.11"]
[Round "7.65"]
[White "Ghaderi, Arman K"]
[Black "Miettinen, Teemu"]
[Result "1/2-1/2"]
[WhiteElo "1772"]
[BlackElo "2012"]
[WhiteFideId "1511890"]
[BlackFideId "501050"]
[EventDate "2012.03.06"]

1. e4 e5 2. Nf3 Nc6 3. d4 exd4 4. Nxd4 Nf6 5. Nc3 Bb4 6. Nxc6 bxc6 7. Bd3 d5 8.
exd5 cxd5 9. O-O O-O 10. Bg5 c6 11. Qf3 Bd6 12. Rfe1 Rb8 13. Rab1 h6 14. Bh4 Rb4
15. Bxf6 Qxf6 16. Qxf6 gxf6 17. Ne2 Be6 18. c3 Ra4 19. Nd4 Bd7 20. a3 Be5 21.
Nf5 Bxf5 22. Bxf5 Rd8 23. Rbd1 1/2-1/2

[Event "Reykjavik Open"]
[Site "Reykjavik ISL"]
[Date "2012.03.11"]
[Round "7.66"]
[White "Rodriguez Fonseca, Jorge"]
[Black "Ontiveros, John"]
[Result "1-0"]
[WhiteElo "2003"]
[BlackElo "1763"]
[WhiteFideId "2224658"]
[BlackFideId "2303981"]
[EventDate "2012.03.06"]

1. e4 c6 2. d4 d5 3. Nc3 dxe4 4. Nxe4 Bf5 5. Ng3 Bg6 6. Bc4 e6 7. N1e2 h6 8. O-O
Nf6 9. f4 Ne4 10. f5 Nxg3 11. fxg6 Nxf1 12. gxf7+ Kxf7 13. Nf4 Qf6 14. Nxe6 Ke8
15. Bf4 Na6 16. Qe2 Kd7 17. Qg4 Ke8 18. Rxf1 h5 19. Qe2 Be7 20. Bg5 Qg6 21. Nc7+ 1-0

[Event "Reykjavik Open"]
[Site "Reykjavik ISL"]
[Date "2012.03.11"]
[Round "7.67"]
[White "Roberts, Lynda"]
[Black "Sigurdarson, Emil"]
[Result "0-1"]
[WhiteElo "1960"]
[BlackElo "1769"]
[WhiteFideId "1800191"]
[BlackFideId "2304163"]
[EventDate "2012.03.06"]

1. e4 c6 2. g3 d5 3. Nc3 e5 4. Bg2 Nf6 5. d3 Bb4 6. Bd2 O-O 7. Nge2 Be6 8. a3
Bd6 9. O-O Na6 10. Bg5 Nc7 11. Kh1 h6 12. Bxf6 Qxf6 13. f4 exf4 14. Nxf4 Bxf4
15. Rxf4 Qg5 16. Qe2 d4 17. Nd1 Qe5 18. Nf2 f5 19. Nh3 Nd5 20. Rf2 Ne3 21. Nf4
Kh7 22. Nxe6 Qxe6 23. exf5 Qf6 24. Be4 Kh8 25. Rc1 Rae8 26. Qf3 Qg5 27. Qf4 Qh5
28. h3 Rf6 29. Kh2 g5 30. g4 Qh4 31. Qg3 Nxg4+ 32. Kg2 Qxg3+ 33. Kxg3 Nxf2 34.
Kxf2 Kg7 35. Rg1 Kf7 36. c3 dxc3 37. bxc3 Rg8 38. Rb1 b6 39. Rb4 Ke7 40. a4 c5
41. Rb1 Kd6 42. a5 Ke5 43. a6 Kf4 44. Re1 h5 45. Bd5 Rd8 46. c4 Rd7 47. Be4 g4
48. h4 Rg7 49. Kg2 Re7 50. Rf1+ Ke3 51. Kg3 Rxe4 52. dxe4 Kxe4 53. Rd1 Rxf5 54.
Rd7 Rf3+ 55. Kg2 Ra3 56. Rxa7 Kd4 57. Ra8 Kxc4 58. a7 b5 59. Rh8 Rxa7 60. Rxh5
Rg7 61. Rg5 Rxg5 62. hxg5 Kd5 63. Kg3 Ke6 0-1

[Event "Reykjavik Open"]
[Site "Reykjavik ISL"]
[Date "2012.03.11"]
[Round "7.68"]
[White "Calder, Dennis"]
[Black "Sigurdsson, Birkir Karl"]
[Result "1-0"]
[WhiteElo "1948"]
[BlackElo "1716"]
[WhiteFideId "4697359"]
[BlackFideId "2304180"]
[EventDate "2012.03.06"]

1. d4 Nf6 2. Nf3 e6 3. Bg5 d5 4. e3 c5 5. c3 cxd4 6. exd4 Qb6 7. Bxf6 Qxb2 8.
Bg5 Qxa1 9. Bb5+ Bd7 10. Bxd7+ Nxd7 11. Qb3 Rc8 12. O-O Bd6 13. Bc1 Rc6 14. Bb2
Rb6 15. Bxa1 Rxb3 16. axb3 Ke7 17. c4 dxc4 18. bxc4 b6 19. Nbd2 f5 20. Re1 Kf6
21. d5+ 1-0

[Event "Reykjavik Open"]
[Site "Reykjavik ISL"]
[Date "2012.03.11"]
[Round "7.69"]
[White "Bjorgvinsson, Andri Freyr"]
[Black "Saemundsson, Bjarni"]
[Result "1/2-1/2"]
[WhiteElo "1544"]
[BlackElo "1947"]
[WhiteFideId "2306913"]
[BlackFideId "2302900"]
[EventDate "2012.03.06"]

1. c4 Nf6 2. g3 e5 3. Bg2 c6 4. d4 Bb4+ 5. Bd2 Qe7 6. dxe5 Bxd2+ 7. Qxd2 Qxe5 8.
Nc3 O-O 9. Nf3 Qe7 10. O-O d6 11. Rad1 Rd8 12. Ng5 Be6 13. Nxe6 Qxe6 14. Qf4 Na6
15. Rd2 Rd7 16. Rfd1 Rad8 17. Ne4 Nxe4 18. Qxe4 Qxe4 19. Bxe4 g6 20. Bg2 Re7 21.
e3 Re6 22. Kf1 Nc7 23. Ke2 f5 24. Kf1 1/2-1/2

[Event "Reykjavik Open"]
[Site "Reykjavik ISL"]
[Date "2012.03.11"]
[Round "7.70"]
[White "Zachariassen, John"]
[Black "Johannesson, Oliver"]
[Result "0-1"]
[WhiteElo "1939"]
[BlackElo "1677"]
[WhiteFideId "1405535"]
[BlackFideId "2305623"]
[EventDate "2012.03.06"]

1. c4 Nf6 2. Nf3 c6 3. g3 d5 4. b3 Bg4 5. Bg2 Nbd7 6. h3 Bxf3 7. Bxf3 Ne5 8. Bg2
dxc4 9. O-O cxb3 10. Qxb3 Qb6 11. Qc2 e6 12. Bb2 Ned7 13. Nc3 Be7 14. Rab1 Qc7
15. d4 Nb6 16. e4 Rd8 17. Rfc1 Qb8 18. d5 cxd5 19. exd5 e5 20. Qb3 O-O 21. Rd1
Rc8 22. Nb5 Bc5 23. Bc1 Nc4 24. Bg5 Nd7 25. a4 h6 26. Bc1 Na5 27. Qd3 a6 28. Qf5
Rcd8 29. Nc3 Nc4 30. Bxh6 gxh6 31. Be4 Nf6 32. Qxf6 Qd6 33. Qf5 Qg6 34. g4 Nd6
35. Qxe5 f5 36. Bd3 Rde8 37. Qg3 Qg7 0-1

[Event "Reykjavik Open"]
[Site "Reykjavik ISL"]
[Date "2012.03.11"]
[Round "7.71"]
[White "Kristinardottir, Elsa Maria"]
[Black "Hynna, Kevin"]
[Result "0-1"]
[WhiteElo "1734"]
[BlackElo "1936"]
[WhiteFideId "2300370"]
[BlackFideId "501484"]
[EventDate "2012.03.06"]

1. e4 c6 2. d4 d5 3. exd5 cxd5 4. Bd3 Nc6 5. c3 Nf6 6. Nf3 Bg4 7. O-O e6 8. Bg5
Be7 9. Nbd2 Nd7 10. Bxe7 Qxe7 11. Qc2 Rc8 12. a3 Bh5 13. Rae1 Bg6 14. Re3 Qf6
15. Bxg6 hxg6 16. Qb3 Nb6 17. Ne5 Nxe5 18. Rxe5 Kd7 19. c4 Qf4 20. Qb5+ Ke7 21.
Qb4+ Kf6 22. Nf3 Nxc4 23. Rfe1 b6 24. b3 a5 25. Qc3 Nxe5 26. dxe5+ Ke7 27. Qe3
Rc1 28. Qe2 Rxe1+ 29. Qxe1 Rc8 30. Qe2 Qc1+ 31. Ne1 Qxa3 32. Qe3 Qc5 33. Qg5+
Kf8 34. Qh4 Kg8 35. h3 Qb4 36. f4 Qxb3 37. Nf3 Qe3+ 38. Kh2 Qc1 39. Ng5 Kf8 40.
Qh8+ Ke7 41. Qh4 Rc4 42. Nh7+ Kd7 43. Nf8+ Kc6 0-1